00417nam a2200157Ia 4500003000400000008004100004040001600045082001300061100002300074245005100097700002200148260004200170300001000212650001500222650002200237GCL140319s9999 xx 000 0 eng d aGCL / cGCL04a843bA A1 aALTHOEN, STEVEN C.10aL'AVENIR DURE LONGTEMPS / cALTHOEN, STEVEN C.1 aAL-THUSSER, LOUIS a[S.N] : bLE LIVRE DE POCHE ، c1994 a573 P04aLITERATURE04aFRENCH LITERATURE